Harry Potter Logic Puzzle Quiz Stats

 Plays Quiz Updated Aug 17, 2018

Score 0/25 Timer 20:00
169 Plays Today
Box Clue/Answer % Correct



A1



???
100%



B5



???
69.2%



A5



???
66.8%



D3



???
66.5%



E5



???
54.7%



C3



???
48%



B4



???
45%



B2



???
44.5%



C4



???
33.2%



B1



???
28%



D1



???
26.2%



E1



???
20.6%



E4



???
20.2%
Box Clue/Answer % Correct



C1



???
19.3%



D5



???
18.8%



B3



???
18.4%



C5



???
16.3%



E3



???
14.9%



D4



???
14.5%



A3



???
12.4%



A2



???
11.5%



E2



???
10.1%



C2



???
10%



D2



???
8.7%



A4



???
7.9%

You're not logged in!

Compare scores with friends on all Sporcle quizzes.
OR
Log In

You Might Also Like...

Show Comments

Extras

Top Quizzes Today


Score Distribution

Your Account Isn't Verified!

In order to create a playlist on Sporcle, you need to verify the email address you used during registration. Go to your Sporcle Settings to finish the process.

Report this User

Report this user for behavior that violates our Community Guidelines.

Details: